Stock condition surveys (Record no. 104108)

MARC details
000 -LEADER
fixed length control field 01597cam a2200289 4500
001 - CONTROL NUMBER
control field ##E129113
008 - FIXED-LENGTH DATA ELEMENTS--GENERAL INFORMATION
fixed length control field 111024s2005 000 0 eng u
020 ## - INTERNATIONAL STANDARD BOOK NUMBER
International Standard Book Number 1842192272
035 ## - SYSTEM CONTROL NUMBER
System control number (Sirsi) u129113
041 0# - LANGUAGE CODE
Language code of text/sound track or separate title eng
050 04 - LIBRARY OF CONGRESS CALL NUMBER
Classification number 690.24 $2 18
110 2# - MAIN ENTRY--CORPORATE NAME
Corporate name or jurisdiction name as entry element Royal Institution of Chartered Surveyors
9 (RLIN) 4900
245 00 - TITLE STATEMENT
Title Stock condition surveys
Remainder of title a guidance note
250 ## - EDITION STATEMENT
Edition statement 2nd ed.
260 ## - PUBLICATION, DISTRIBUTION, ETC.
Place of publication, distribution, etc. London
Name of publisher, distributor, etc. RICS
Date of publication, distribution, etc. 2005
300 ## - PHYSICAL DESCRIPTION
Extent viii, 84p.
Dimensions 30cm
350 ## - PRICE (NR) (BK AM CF MU VM SE) [OBSOLETE]
Price 20
490 #0 - SERIES STATEMENT
Series statement RICS Guidance Note
520 ## - SUMMARY, ETC.
Summary, etc. Defines what a stock condition survey is, what buildings can be the subject of a survey and a comprehensive list of what is involved in a survey. Section onecovers key issues in detail. Section two runs through the process of carrying out a stock condition survey from briefing to completion. While most of the references of the guidance note are UK-based, the principles, processes and decision making form a core set of techniques and methods that can be applied to buildings anywhere in the world.
520 ## - SUMMARY, ETC.
Summary, etc. ARCHIVED 9 Aug 2016. Not superseded by any particular title however Surveying Assets in the Built Environment 1st edition ISBN 9781783211555 published 2022 may be of interest.
520 ## - SUMMARY, ETC.
Summary, etc. Supersedes first edition (ISBN 0854068236)
590 ## - LOCAL NOTE (RLIN)
Local note IKA190705
651 #4 - SUBJECT ADDED ENTRY--GEOGRAPHIC NAME
Geographic name United Kingdom
690 ## - LOCAL SUBJECT ADDED ENTRY--TOPICAL TERM (OCLC, RLIN)
Topical term or geographic name as entry element BUILT ENVIRONMENT-BUILDING INSPECTION-STOCK CONDITION SURVEYING
856 41 - ELECTRONIC LOCATION AND ACCESS
Uniform Resource Identifier <a href="https://www.isurv.com/downloads/file/226/archive_stock_condition_surveys_2nd_edition_2005%E2%80%932016">https://www.isurv.com/downloads/file/226/archive_stock_condition_surveys_2nd_edition_2005%E2%80%932016</a>
Public note Archived on isurv (subscription required)
942 ## - ADDED ENTRY ELEMENTS (KOHA)
Suppress in OPAC 0
Source of classification or shelving scheme Dewey Decimal Classification
Holdings
Withdrawn status Lost status Source of classification or shelving scheme Damaged status Not for loan Home library Current library Shelving location Date acquired Total Checkouts Full call number Barcode Date last seen Copy number Price effective from Koha item type Date last checked out
    Dewey Decimal Classification     London London RICS Boxes 23/09/2005   RICS 2005/31 30070726 06/08/2019 1 06/08/2019 Archive  
    Dewey Decimal Classification     London London RICS Boxes 23/09/2005   RICS 2005/31 30070730 06/08/2019 2 06/08/2019 Reference material  
    Dewey Decimal Classification     London London RICS Boxes 23/09/2005 19 RICS 2005/31 30070722 06/08/2019 3 06/08/2019 Book 30/07/2009
  Missing       London London Missing 23/09/2005 9 RICS 2005/31 30070718 06/08/2019 4 06/08/2019 Book 04/06/2008
    Dewey Decimal Classification     Virtual Virtual Online 16/08/2006   isurv 129113-3001 06/08/2019 5 06/08/2019 Book